| Registos Bibliográficos associados ao registo de autoridade |
|
Etiqueta de registo: 00000nkm 2200025 450 001 2253234 003 http://id.bnportugal.gov.pt/bib/catbnp/2253234 100 ## $a20260123d1992 m y0pory01030103ba 101 0# $apor 102 ## $aPT 200 1# $aGrande finalíssima, Miss Ribatejo 92, no Pavilhão de Rio Maior, sábado 31 outubro
92$bVisual gráfico]$fPrograma "Vozes de Portugal", U. D. Rio Maior 210 #9 $aRio Maior$cPrograma "Vozes de Portugal"$cU. D. Rio Maior,$d1992$eVila Moreira :$gGráfica Vilamor, Lda.) 215 ## $a1 cartaz$ccolor.$d60,8x42,8 cm 675 ## $a766(=1:469)"199"(084.5)$vBN$zpor$3589138 710 01 $aVozes de Portugal,$eMontemor-o-Novo$31980215 711 02 $aUnião Desportiva de Rio Maior$31998825 712 12 $aMiss Ribatejo,$f1992$4557$31980899 801 #0 $aPT$bBN$gRPC 966 ## $lBN$mICONOG$sCT. 17290 A.$x1 971 ## $cCaticonografia5$d20260123 972 ## $d20260520$e2$vtoliveira$z0 995 ## $aPRR2026 $d20260123$iCaticonografia5
|
|
|